000 01703nam a22002297a 4500
008 241125t2024 xxk|||||o|||| 00| 0 eng d
041 _aeng
110 _aRoyal Institution of Chartered Surveyors
245 _aRICS Draft Professional Standard: Residential property valuation for owner occupation 1st edition
_ba consultation
_h[Electronic resource]
260 _aLondon,
_bRoyal Institution of Chartered Surveyors,
_c22 November 2024
300 _a45p.
490 _aRICS Consultation
520 _aThis is a new professional standard, building on the updated Red Book UK National Supplement UK VPGA 11 residential valuation section (published September 2023) – with further support on areas such as valuation inspections, valuation advice without an internal inspection, investigations and factors with a material impact on value. There is new proposed content in relation to Prime and Super prime residential individual property valuation, Self-build and individual Custom-build of a single dwelling and Opinion of Estimated Value Subject to a Restricted Marketing Period Consultation opened 22 November 2024 closes 3 January 2025.
650 _aRESIDENTIAL PROPERTY
650 _aVALUATION
651 _aUnited Kingdom
690 _aValuation
_96273
710 _aRoyal Institution of Chartered Surveyors
856 _uhttps://consultations.rics.org/gf2.ti/f/1595746/229510725.1/PDF/-/Residential%20property%20valuation%20for%20owner%20occupation_clean%20for%20consultation.pdf
_zView the consultation document on RICS.org
856 _uhttps://consultations.rics.org/resipropertyvalsuk/consultationHome
_zView the RICS iConsult homepage on residential valuation
942 _n0
999 _c122060
_d122060